| 000 | 01801nam0a22003611 4500 | ||
|---|---|---|---|
| 001 | rc\344544 | ||
| 005 | 20250621050810.0 | ||
| 010 |
_a5-270-00591-3 _950000 |
||
| 035 | _a(NLR Aleph) 005587924 | ||
| 090 |
_a6181507 _c6181507 |
||
| 100 | _a20030307d1989 |||y0rusy50 ca | ||
| 101 | 0 | _arus | |
| 102 | _aRU | ||
| 105 | _aa ||||||||| | ||
| 200 | 1 |
_aВолчье лыко _eПовести и рассказы _eПер. с коми _fНина Куратова _g[Худож. В.П. Александров] |
|
| 210 |
_aМ. _cСовременник _d1989 |
||
| 215 |
_a203, [2] с. _cил. _d21 |
||
| 327 | 1 | _aСодерж.: Повести: Волчье лыко; Повесть об отцах; Рассказы: Старое фото; Кузьмич; Дар пармы; И чисту воду замутить могут; Последняя весна; Окаянная; Стерпится - слюбится | |
| 464 | 0 |
_12001#$aВолчье лыко _tВолчье лыко |
|
| 464 | 0 |
_12001#$aПовесть об отцах _tПовесть об отцах |
|
| 464 | 0 |
_12001#$aСтарое фото _tСтарое фото |
|
| 464 | 0 |
_12001#$aКузьмич _tКузьмич |
|
| 464 | 0 |
_12001#$aДар пармы _tДар пармы |
|
| 464 | 0 |
_12001#$aИ чисту воду замутить могут _tИ чисту воду замутить могут |
|
| 464 | 0 |
_12001#$aПоследняя весна _tПоследняя весна |
|
| 464 | 0 |
_12001#$aОкаянная _tОкаянная |
|
| 464 | 0 |
_12001#$aСтерпится - слюбится _tСтерпится - слюбится |
|
| 700 | 1 |
_aКуратова _bН.Н. _f1930- _gНина Никитична |
|
| 801 | 0 |
_aRU _bNLR _gpsbo |
|
| 801 | 1 |
_aRU _bELAR _2rusmarc |
|
| 852 |
_aNLR _j89-3/14882 |
||
| 942 | _cBOOK | ||
| 980 | _aNB | ||